• 首页
  • 本馆介绍
  • 公告通知
  • 最新文献
  • 馆藏检索
  • 电子资源
  • 读者导购
  • 参考咨询
  • 我的图书馆
  • 登录
  • 详细信息显示
  • 放入我的书架
  • 预约/预借图书
  • 作者相关作品
  • 分类相关作品
  • 丛书相关作品
  • 出版社相关作品

书目信息

  • 表格格式
  • 工作单格式
  • 卡片格式
题名:
论农工联合企业
    
 
作者: ;中国社会科学院农业经济研究所 编
分册:  
出版信息: 北京   中国社会科学出版社  1981
页数: 111页
开本: 20cm
丛书名:
单 册:
中图分类: F324.5
科图分类:
主题词: 农业经济--中国
电子资源:
ISBN:
000 00667nam0 2200193 450
001 0655284468
005 20060728152240.54
010    @dCNY0.37
100    @a20060728d1981 km y0chiy0120 ea
101 0  @achi
102    @aCN@b110000
200 1  @a论农工联合企业@Alun nong gong lian he qi ye@f中国社会科学院农业经济研究所编@Fzhong guo she hui ke xue yuan nong ye jing ji yan jiu suo bian
210    @a北京@c中国社会科学出版社@d1981
215    @a111页@d20cm
606 0  @a农业经济@x中国
690    @aF324.5@v3
711  0 @a中国社会科学院农业经济研究所@Azhong guo she hui ke xue yuan nong ye jing ji yan jiu suo@4编
801  0 @aCN@bPFT@c20060728
905    @a10447@dF324.5@e47
    
    论农工联合企业/中国社会科学院农业经济研究所编.-北京:中国社会科学出版社,1981
    111页;20cm
    
    
    ISBN :CNY0.37
    
●
相关链接 在E读中查询图书 在五车中查询图书 在当当中查询图书 在豆瓣中查询图书


正题名:论农工联合企业     索取号:F324.5/47         预约/预借

序号 登录号 条形码 馆藏地/架位号 状态 备注
1 0440473   204404732   密集书库/ [索取号:F324.5/47] 在馆    
唐山师范学院图书馆 欢迎您!
大连网信软件有限公司© 版权所有